| 000 | 00991nam a2200217Ia 4500 | ||
|---|---|---|---|
| 001 | 232.916-COM an an (19890) | ||
| 003 | IT-MiSPE | ||
| 008 | 171229s9999||||xx |||||||||||||| ||und|| | ||
| 040 |
_aIT-MiSPE _cIT-MiSPE |
||
| 041 | _aITALIANO | ||
| 100 | _aAngelo Comastri | ||
| 245 | 0 |
_aL'angelo mi disse _bAutobiografia di Maria |
|
| 250 | _a1a ed. (v) | ||
| 260 |
_aCinisello B.mo _bSan Paolo _c2007 |
||
| 300 |
_a131 p. _c22 cm |
||
| 490 |
_aDimensioni dello spirito _v113 |
||
| 501 | _aEdizioni San Paolo srl - Piazza Soncino, 5 - 20092 CINISELLO BALSAMO (MI) (non commercial uses only) ® Copyright 2018 | ||
| 942 | _cBK | ||
| 957 | _71 | ||
| 999 |
_a6297 _bNO _g Copie: 1 _c340581 _d340581 |
||